00813 2200301 4500001002100000005001500021035002500036090002100061245004400082260003400126300002300160007000300183008004100186040001700227082001400244084001600258850001200274504003000286999002100316650003600337100001800373990002100391990001900412990001900431990002100450990001900471990002100490YOGYA00000000009206820241004085807 a0010-081400000091785 aCB-D.11 1989-119 aManajemen Kepegawaian 2 /cIG. Wursanto aYogyakarta :bKanisius,c1989 a154 hlm. ;c21 cm.ta131207s1989 yoi g ind d aYOPDYOGbind 223a658.3 a658.3 WUR m aYOPDYOG aBibliografi : halaman 154 aCB-D.11/1989-119 aSumber daya manusia-- Manajemen aWursanto, IG. aCB-D.11/1989-119 a5724/SEK/PB/92 a5724/SEK/PB/92 aCB-D.11/1989-119 a5724/SEK/PB/92 aCB-D.11/1989-119